| 000 | 01139nam a22001937a 4500 | ||
|---|---|---|---|
| 003 | OSt | ||
| 005 | 20251121094418.0 | ||
| 008 | 251121b |||||||| |||| 00| 0 eng d | ||
| 040 | _cDCL | ||
| 082 | _a၂၉၄.၃၈၂၃၃၃ | ||
| 130 |
_aတိပိဋက။ _pသုတ္တန္တပိဋက။ _pသံယုတ္တနိကာယ။ _tမဟာဝဂ္ဂသံယုတ်၊ _lအဋ္ဌကထာ၊ _sနိဿယ။ |
||
| 245 |
_aသံယုတ္တအဋ္ဌကထာနိဿယ၊ _nသတ္တမတွဲ ၊ _bမဟာဝဂ္ဂသံယုတ္တ အဋ္ဌကထာနိဿယ / _cဘဒ္ဒန္တဇာဂရမထေရ်။ |
||
| 250 | _aဒုတိယအကြိမ်။ | ||
| 264 |
_aရန်ကုန် ၊ _bသာသာနာရေးဦးစီး၊ _c၂၀၀၇။ |
||
| 300 |
_aထ၊ ၅၅၅ စာမျက်နှာ ၊ _c၂၅ စင်တီ။ |
||
| 650 |
_aမဟာဝဂ္ဂသံယုတ္တ _vအဋ္ဌကထာ နိဿယ။ |
||
| 700 | _aဇာဂရမထေရ်၊ ဘဒ္ဒန္တ | ||
| 942 |
_2ddc _cSHORT TERM _n0 |
||
| 999 |
_c2560 _d2560 |
||